Todos os campões da Copa América - Statistics

Estatísticas Gerais
  • Esse quiz foi jogado 101 vezes
  • A pontuação média é 48 de 48
Estatísticas das Respostas
Ano Campeão % Correto
1921 Argentina
100%
1925 Argentina
100%
1927 Argentina
100%
1929 Argentina
100%
1937 Argentina
100%
1941 Argentina
100%
1945 Argentina
100%
1946 Argentina
100%
1947 Argentina
100%
1955 Argentina
100%
1957 Argentina
100%
1959 Argentina
100%
1991 Argentina
100%
1993 Argentina
100%
2021 Argentina
100%
2024 Argentina
100%
1919 Brasil
100%
1922 Brasil
100%
1949 Brasil
100%
1989 Brasil
100%
1997 Brasil
100%
1999 Brasil
100%
2004 Brasil
100%
2007 Brasil
100%
2019 Brasil
100%
2015 Chile
99%
2016 Chile
99%
2001 Colômbia
99%
1916 Uruguai
99%
1917 Uruguai
99%
1920 Uruguai
99%
1923 Uruguai
99%
1924 Uruguai
99%
1926 Uruguai
99%
1935 Uruguai
99%
1942 Uruguai
99%
1956 Uruguai
99%
1959 Uruguai
99%
1967 Uruguai
99%
1983 Uruguai
99%
1987 Uruguai
99%
1995 Uruguai
99%
2011 Uruguai
99%
1953 Paraguai
97%
1979 Paraguai
97%
1939 Peru
95%
1975 Peru
95%
1963 Bolívia
91%
Nenhum quiz correspondente encontrado
Distribuição das Pontuações
Porcentagem de Pessoas com Cada Pontuação
Percentil de Números Respondidos
Sua Pontuação Histórica
Você não jogou esse quiz